En las manos un pequeño país: política y poética en El Salvador (1884-2004) /
Guardado en:
| Hovedforfatter: | |
|---|---|
| Format: | Texto |
| Fag: | |
| Tags: |
Tilføj Tag
Ingen Tags, Vær først til at tagge denne postø!
|
MARC
| LEADER | 00000 a a2200000 04500 | ||
|---|---|---|---|
| 001 | 4965 | ||
| 003 | |||
| 040 | |||
| 100 | |a Lara - Martínez, Rafael | ||
| 245 | |a En las manos un pequeño país: |b política y poética en El Salvador (1884-2004) / |c Rafael Lara - Martínez | ||
| 650 | |a LITERATURA | ||
| 650 | |a HISTORIA SOCIAL | ||
| 650 | |a HISTORIA POLITICA | ||
| 650 | |a SOCIEDAD | ||
| 773 | |g número 8 Spring; páginas 38-47 | ||
| 999 | |c 27887 |d 27887 | ||
